[Event "Shepetivka op"]
[Site "Shepetivka"]
[Date "2011.08.20"]
[Round "8"]
[White "Khoptiany, Volodymyr"]
[Black "Bakuta, Natalia"]
[Result "1-0"]
[WhiteElo "1955"]
[BlackElo "1794"]
[PlyCount "91"]
[EventDate "2011.08.17"]
[EventType "swiss"]
[EventRounds "9"]
[EventCountry "UKR"]
[SourceTitle "EXT 2012"]
[Source "ChessBase"]
[SourceDate "2011.11.24"]
[SourceVersion "1"]
[SourceVersionDate "2011.11.24"]
[SourceQuality "1"]

1. e4 c5 2. Nf3 e6 3. c4 d6 4. Nc3 Nf6 5. d4 cxd4 6. Nxd4 a6 7. Be3 Be7 8. Be2 Nbd7 9. 0-0 Qc7 10. Rc1 b6 11. f4 Bb7 12. Bf3 Rc8 13. b3 Qb8 14. Qe2 Qa8 15. Bf2 0-0 16. g4 Nb8 17. g5 Nfd7 18. Bg4 Rfe8 19. h4 Rcd8 20. Rce1 Nc6 21. Nc2 Rc8 22. h5 Bd8 23. Qd3 Qb8 24. Qh3 Qc7 25. g6 Nf6 26. Bd1 fxg6 27. hxg6 hxg6 28. Qg3 Kf7 29. e5 Nh5 30. Qe3 Rh8 31. Bf3 Qe7 32. Ne4 dxe5 33. fxe5 Kg8 34. Nd6 Rb8 35. Nxb7 Qxb7 36. Nd4 Rc8 37. Nxc6 Rxc6 38. Rd1 Be7 39. Qe4 Qc7 40. Qxc6 Qxe5 41. Qe4 Qg5+ 42. Qg4 Qf6 43. Be3 Qe5 44. Rde1 Bd6 45. Rf2 Nf4 46. Qxf4 1-0